Characters in History - Statistics

General Stats
  • This quiz has been taken 348 times
    346 since last reset
  • The average score is 12 of 25
Answer Stats
Hint Answer % Correct
Civil rights leader who had a dream Martin Luther King
81%
Led his elephants over the Alps to attack Italy Hannibal
79%
The Maid of Orleans Joan of Arc
74%
Famous diary writer of WWII Anne Frank
72%
13th century Venetian traveller to China who wrote of his exploits Marco Polo
72%
Known as Le Soleil Roi in France Louis XIV
69%
The other better known name of Siddhartha Guatama Buddha
66%
Signatory of Declaration of Independence and inventor of lightning rod Benjamin Franklin
65%
Third wife of Henry VIII Jane Seymour
64%
The teddy bear is named after him Theodore Roosevelt
64%
ANC leader who was imprisoned on Robben Island Nelson Mandela
57%
Empire building Grecian who died in 323BC Alexander the Great
55%
Exotic dancer and Dutch spy of WWI Mata Hari
54%
Patronymic of Vlad the Impaler Dracula
52%
Iceni Queen who fought against the Romans Boudica
50%
Lost her head at Fotheringay Castle Mary Queen of Scots
43%
Composed the opera Don Giovanni Mozart
43%
Roman general who fought alongside Cleopatra against Rome Mark Anthony
40%
Spanish King of Armada fame Philip II
36%
Wrote sonnets to his dark lady William Shakespeare
29%
Native American princess who died in Greenwich, London Pocohontas
14%
Kaiser Wilhelms grandmother Victoria I
10%
Founder of the Jesuits Ignatius Loyola
8%
Patron saint of Malta St. Paul
5%
Rumoured lover of Queen Guinevere Sir Launcelot
4%
No matching quizzes found
Score Distribution
Percent of People with Each Score
Percentile by Number Answered
Your Score History
You have not taken this quiz since the last reset